000 00835nam a2200253Ia 4500
003 OSt
005 20221005092407.0
006 a|||||r|||| 00| 0
007 ta
008 221004b |||||||| |||| 00| 0 eng d
020 _a0415929431 (hbk)
_c6295
024 _a102104
037 _b082, 26/02/2010, Anshika Book International Publishers & Distributors
_cTextual
040 _aCRL
_cCRL
_beng
041 _2eng
_aeng
082 _aS:4, P2
100 _aCerulo Karen A. Ed.
_9297801
245 0 _aCulture in mind
_b Toward a sociology of culture and cognition
260 _aNew York
_bRoutledge USA
_c2002
300 _aix,308p.
_ccm.
650 _aSOCIOLOGY
942 _hS:4, P2
_cTEXL
_2cc
999 _c998739
_d998739